| Поле | Инд. | ПП | Название | Значение |
|---|---|---|---|---|
| Тип записи | a | |||
| Библиографический уровень | m | |||
| 001 | Контрольный номер | RU/LIBMSTU/381334126 | ||
| 005 | Дата корректировки | 20190328113708.1 | ||
| 008 | Кодируемые данные | 120201|||||||||ru |||||||||||000|||rus|| | ||
| 020 | a | ISBN | 978-5-98227-762-6 | |
| 040 | b | Код языка каталог. | rus | |
| 041 | 0_ | a | Код языка текста | rus |
| 084 | a | Индекс другой классификации/Индекс ББК | 67.401.0я7+67.400я7+66.07я7 | |
| 090 | a | Полочн. индекс | 67.401 | |
| x | Авторский знак | П 81 | ||
| 100 | 1_ | a | Автор | Пронкин С. В. |
| 245 | 10 | a | Заглавие | Государственное управление зарубежных стран |
| b | Продолж. заглавия | учеб. пособие для вузов | ||
| c | Ответственность | Моск. гос. ун-т им. М. В. Ломоносова, Ин-т гос. упр. | ||
| 250 | a | Основные сведения об издании | 4-е изд., доп. и перераб. | |
| 260 | a | Место издания | Москва | |
| b | Издательство | Университет | ||
| c | Дата издания | [2011] | ||
| 300 | a | Объем | 494, [1] с. | |
| 504 | a | Библиография | Библиогр.: с. 495 | |
| 650 | 04 | a | Основная рубрика | Государственное управление-Зарубежные государства-Учебные издания для высших учебных заведений |
| 651 | _4 | a | Географическое наименование | США |
| 651 | _4 | a | Географическое наименование | Великобритания |
| 651 | _4 | a | Географическое наименование | Северная Ирландия |
| 651 | _4 | a | Географическое наименование | Франция |
| 651 | _4 | a | Географическое наименование | Италия |
| 651 | _4 | a | Географическое наименование | Греция |
| 653 | 0_ | a | Ключевые слова | Государственная служба |
| a | Ключевые слова | Государственное управление | ||
| a | Ключевые слова | Конгрессы | ||
| a | Ключевые слова | Местное управление | ||
| a | Ключевые слова | Парламенты | ||
| a | Ключевые слова | Правительство | ||
| a | Ключевые слова | Судебная система | ||
| 700 | 12 | a | Другие авторы | Петрунина О. Е. |
| 901 | t | Тип документа | m | |
| 952 | b | Гриф литературы для ВШ | Рекомендовано Отделением по философии, политологии и религиоведению УМО | |
| c | Вид литературы | учебное пособие |